00727nam a2200229Ia 4500003000900000008004100009040001600050080001700066100002800083245008200111250001200193260003500205300001500240650003700255650001900292650001500311650002700326700002900353942000700382999001500389952009300404IN-BaIIA211028s9999 xx 000 0 eng d cIIA Library a537.531bCOM aCompton, Arthur H92424 0aX-rays in theory and experimentcArthur Holly Compton and Samuel King Allison a2nd ed. aTorontobD. Van Nostrandc1949 axiv, 828p. aExtraterrestrial Radiation91885 aNASA Thesaurus aXray92425 aXray Diffraction91870 aAllison, Samuel K.92426 cBK c1156d1156 00104070aBANbKODcGENd0000-00-00l0o537.531/ COMp1216r2021-11-05w0000-00-00yBK